| 000 | 00966nam a22003017a 4500 | ||
|---|---|---|---|
| 001 | 8301 | ||
| 003 | FISKH | ||
| 005 | 20250908152853.0 | ||
| 008 | 250908b cb ||||| |||| 00| 0 eng d | ||
| 020 | _a043946806x | ||
| 040 |
_aFISKH _beng _cFISKH _dFISKH |
||
| 050 | _aPZ8.A9234 P | ||
| 082 | _a398.2 | ||
| 100 |
_aJane, Mary _d(1939-) |
||
| 245 |
_aThe princess and the pizza / _cBy Mary Jane and Herm Auch |
||
| 250 | _aThis edition first published in 2002 | ||
| 260 |
_aNew York : _bScholastic, _c2002 |
||
| 300 |
_a30 unnumbered pages : _bcolor illustrations ; _c28 cm |
||
| 505 | _aN | ||
| 520 | _aAn out-of-work princess applies to become the bride of Prince Drupert, but first she must pass several tests, including a cooking contest. | ||
| 521 | 8 |
_a540
_bLexile |
|
| 521 | 8 |
_aN
_bRaz-Plus |
|
| 650 |
_2Princess _aModern folktale |
||
| 650 |
_2Cooking _aFood |
||
| 700 |
_aAuch, Herm _dillustrator |
||
| 942 |
_2ddc _cBK _n0 |
||
| 999 |
_c8301 _d8301 |
||